000 00725nam a22002657a 4500
001 0011831
003 DO-SdBNP
005 20180209104321.0
007 0011831
008 161128b 1993 sp||||| |||| 00| 0 spa d
020 _a9788434818491
040 _aBPMSU
_bspa
_cBPMSU
100 1 _aGripe, María
245 1 0 _aHugo /
_cMaría Gripe ; ilustraciones Harald Gripe
250 _a9a ed.
260 _aMadrid :
_bS. M.,
_c1993.
300 _a136 p. :
_bil.,
_c19 cm.
490 1 _aEl barco de vapor ;
_v38
700 1 _aGripe, Harald,
_eil.
830 0 _aEl barco de vapor ;
_v38
910 _aInventariado, 2018/MFF
942 _2ddc
_cBK
945 _aInventariado, 2018/MFF
956 _aBTAVÁREZ
_b10
_c20161128
_d0011831
999 _c12121
_d12121